Willow

Zapisane w:
Opis bibliograficzny
1. autor: Drew, Wayland
Format: Książka
Język:Undetermined
Wydane: Barcelona, España Planeta 1988
Hasła przedmiotowe:
Etykiety: Dodaj etykietę
Nie ma etykietki, Dołącz pierwszą etykiete!

MARC

LEADER 00000nam a2200000Ia 4500
008 170316s9999 xx 000 0 und d
040 |a cru BVZT 
090 |a 818 D-6w 
100 |a Drew, Wayland 
245 |a Willow 
260 |a Barcelona, España 
260 |b Planeta 
260 |c 1988 
300 |a 233 páginas 
650 |a LITERATURA CANADIENSE 
999 |c 6414  |d 6414 
942 |c 15 D  |h 818 D-6w  |2 z